000 01619nam0a2200313 4500
001 RU\NLR\BIBL_A\011895710
005 20181228165049.0
010 _a978-5-907133-25-9
_9500
021 _aRU
_bКН-П-18-088214
_9КН-П-18-6404
035 _a(NLR Aleph) 011895710
035 _a(RuMoRGB)009812792
090 _a10856445
_c10856445
100 _a20181219d2018 u y0rusy50 ca
101 0 _arus
102 _aRU
105 _aa j 000zy
200 1 _aЭкономический анализ
_eучебно-практическое пособие
_e[для студентов, обучающихся по специальности "Экономическая безопасность", бакалаврам направления "Экономика" и "Менеджмент"]
_fМамий Е. А., Зимина А. А.
_gМинистерство образования и науки Российской Федерации, Кубанский государственный университет
210 _aКраснодар
_cНовация
_d2018
215 _a125 с.
_cил., табл.
_d21
320 _aБиблиогр.: с. 108-111
606 1 _aЭкономический анализ
_jСъезды, совещания и т.п
_2nlr_sh1
_2nlr_sh2
_3RU\NLR\AUTH\661206211
686 1 _aУ053.9(2)я73
700 1 _aМамий
_bЕ. А.
_gЕлена Александровна
701 1 _aЗимина
_bА. А.
_gАлина Александровна
942 _cBOOK
980 _aNBR
980 _aNB